Представление документа в формате RUSMARC

ПолеНазваниеЗначение
  Тип записи a
  Библиографический уровень m
001 Контрольный номер RU\NLR\BIBL_A\011102387
005 Дата корректировки 20230208145426.3
010 Индекс ISBN __
a ISBN 978-5-17-094660-0 (в пер.)
d Цена 187-62
021 № государственной регистрации __
b № документа 2016-24156
100 Данные общей обработки __
a Данные общей обработки 19160729d2016||||||| 0rusy0189 ca
101 Язык документа 0_
a Язык текста rus
102 Страна публикации __
a Страна публикации RU|
105 Кодированные данные (монография) __
a Кодированные данные (монография) a|||||||000zy
200 Заглавие и сведения об ответственности 1_
a Заглавие Простукивание активных точек
e Сведения, относящиеся к заглавию метод пробуждения целительной энергии : с подробным атласом
f Первые сведения об ответственности Дмитрий Коваль
b Общее обозначение материала Текст
210 Выходные данные 1_
a Место издания Москва
c Издательство Прайм
c Издательство АСТ
d Дата издания 2016
215 Физическое описание __
a Объем 317, [1] с.
c Иллюстрации/тип воспроизводства ил.
d Формат 21 см
225 Серия 2_
a Серия Народная книга здоровья
300 Общие примечания __
a Общие примечания 2500 экз.
330 Аннотация __
a Аннотация Китайская, японская и корейская рефлексотерапия давно завоевала доверие врачей во всем мире как эффективный способ лечения. В последнее время она становится популярна и среди пациентов как простой и понятный способ самопомощи. Рефлексотерапия - это очень широкий набор инструментов самоисцеления. При этом восточные врачи утверждают, что, "имея целый набор инструментов, можно пользоваться одной отверткой". Метод простукивания - и есть чудесная "отвертка" мастера. Простукивание - разновидность древнего китайского массажа. Этот метод очень прост, увлекателен и очень эффективен! Простукивание легко освоить самому и практиковать не только как массаж, но и как взаимомассаж для всей семьи. Начальный и достаточный курс этого метода вы легко освоите с новой книгой терапевта и рефлексолога Дмитрия Коваля.
606 Тематические рубрики __
a Основная рубрика Здравоохранение. Медицинские науки
606 Тематические рубрики __
a Основная рубрика Физиотерапия
610 Ключевые слова 0_
a Ключевые слова китайский массаж
a Ключевые слова массаж
a Ключевые слова метод простукивания
a Ключевые слова нетрадиционное лечение
a Ключевые слова оздоровление
a Ключевые слова простукивание
a Ключевые слова рефлексотерапия
a Ключевые слова самолечение
a Ключевые слова самомассаж
a Ключевые слова самооздоровление
686 Индексы других классификаций __
2 Код системы rubbks
a Классификационный индекс 53.544
700 Автор _1
a Фамилия Коваль
b Имя Д.
g Полное личное имя Дмитрий
4 Код отношения 070
801 Источник записи _0
a Страна RU
b Организация Муниципальное бюджетное учреждение культуры "Централизованная библиотечная система" г. Сургут (Центральная городская библиотека им. А. С. Пушкина)
c Дата составления 20160729
g Правила каталогизации КиК/Котельникова
801 Источник записи _1
a Страна RU
b Организация Муниципальное бюджетное учреждение культуры "Централизованная библиотечная система" г. Сургут (Центральная городская библиотека им. А. С. Пушкина)
c Дата составления 20160729
g Правила каталогизации КиК/Котельникова
852 Данные о местонахождении __
j Шифр хранения 53.544
i Авторский знак К 56
901 Тип документа __
t Тип документа m
903 Характеристики (МАРС) __
a Дата передачи 20160729
990 Данные о заказе (DOS) __
j Количество экземпляров (DOS) 6
t N записи в КСУ для И/У (DOS) 201608